第21回参議院議員通常選挙当選者 - Statistics

General Stats
  • This quiz has been taken 14 times
  • The average score is 33 of 121
Answer Stats
選挙区 党派 当選者 % Correct
比例代表 自民党 山東昭子
89%
福島県 自民党 森まさこ
78%
東京都 公明党 山口那津男
78%
島根県 国民新党 亀井亜紀子
78%
宮城県 民主党 岡崎トミ子
67%
東京都 自民党 丸川珠代
67%
京都府 自民党 西田昌司
67%
和歌山県 自民党 世耕弘成
67%
沖縄県 無所属(沖縄社会大衆党籍) 糸数慶子
67%
宮城県 自民党 愛知治郎
56%
千葉県 自民党 石井準一
56%
東京都 無所属 川田龍平
56%
新潟県 民主党 森裕子
56%
岐阜県 無所属 藤井孝夫
56%
静岡県 民主党 榛葉賀津也
56%
大阪府 自民党 谷川秀善
56%
岡山県 民主党 姫井由美子
56%
山口県 自民党 林芳正
56%
福岡県 自民党 松山政司
56%
比例代表 自民党 佐藤正久
56%
比例代表 自民党 尾辻秀久
56%
北海道 自民党 伊達忠一
44%
埼玉県 自民党 古川俊治
44%
新潟県 自民党 塚田一郎
44%
長野県 民主党 羽田雄一郎
44%
長野県 自民党 吉田博美
44%
比例代表 自民党 有村治子
44%
比例代表 新党日本 田中康夫
44%
山形県 民主党 舟山康江
33%
神奈川県 民主党 牧山弘恵
33%
東京都 民主党 大河原雅子
33%
東京都 民主党 鈴木寛
33%
静岡県 自民党 牧野京夫
33%
愛知県 民主党 大塚耕平
33%
京都府 民主党 松井孝治
33%
大阪府 公明党 白浜一良
33%
広島県 自民党 溝手顕正
33%
香川県 民主党 植松恵美子
33%
大分県 自民党 磯崎陽輔
33%
比例代表 民主党 相原久美子
33%
比例代表 民主党 ツルネン・マルテイ
33%
比例代表 自民党 山田俊男
33%
比例代表 自民党 佐藤信秋
33%
比例代表 共産党 井上哲士
33%
比例代表 共産党 紙智子
33%
比例代表 社民党 又市征治
33%
北海道 民主党 小川勝也
22%
岩手県 民主党 平野達男
22%
秋田県 無所属 松浦大悟
22%
埼玉県 民主党 山根隆治
22%
千葉県 民主党 長浜博行
22%
千葉県 民主党 加賀谷健
22%
石川県 民主党 一川保夫
22%
福井県 自民党 松村龍二
22%
岐阜県 民主党 平田健二
22%
愛知県 自民党 鈴木政二
22%
愛知県 民主党 谷岡郁子
22%
大阪府 民主党 梅村聡
22%
兵庫県 自民党 鴻池祥肇
22%
奈良県 民主党 中村哲治
22%
愛媛県 無所属 友近聡朗
22%
佐賀県 民主党 川崎稔
22%
宮崎県 無所属 外山斎
22%
鹿児島県 自民党 加治屋義人
22%
比例代表 民主党 青木愛
22%
比例代表 民主党 石井一
22%
比例代表 民主党 横峯良郎
22%
比例代表 民主党 山本孝史
22%
比例代表 自民党 石井みどり
22%
比例代表 自民党 橋本聖子
22%
比例代表 自民党 衛藤晟一
22%
比例代表 公明党 山本香苗
22%
比例代表 公明党 木庭健太郎
22%
比例代表 公明党 魚住裕一郎
22%
比例代表 共産党 山下芳生
22%
比例代表 社民党 山内徳信
22%
比例代表 国民新党 自見庄三郎
22%
青森県 民主党 平山幸司
11%
福島県 民主党 金子恵美
11%
茨城県 民主党 藤田幸久
11%
茨城県 自民党 長谷川大紋
11%
栃木県 民主党 谷博之
11%
群馬県 自民党 山本一太
11%
埼玉県 民主党 行田邦子
11%
神奈川県 自民党 小林温
11%
神奈川県 民主党 水戸将史
11%
山梨県 民主党 米永晴信
11%
富山県 無所属 森田高
11%
滋賀県 民主党 徳永久志
11%
兵庫県 民主党 辻泰弘
11%
鳥取県 民主党 川上義博
11%
広島県 民主党 佐藤公治
11%
徳島県 民主党 中谷智司
11%
高知県 民主党 武内則男
11%
福岡県 民主党 岩本司
11%
熊本県 民主党 松野信夫
11%
比例代表 民主党 吉川沙織
11%
比例代表 民主党 池口修次
11%
比例代表 民主党 神本美恵子
11%
比例代表 民主党 川合孝典
11%
比例代表 民主党 轟木利治
11%
比例代表 民主党 大島九州男
11%
比例代表 民主党 西岡武夫
11%
比例代表 民主党 大江康弘
11%
比例代表 自民党 舛添要一
11%
比例代表 自民党 丸山和也
11%
比例代表 公明党 山本博司
11%
三重県 民主党 高橋千秋
0%
長崎県 民主党 大久保潔重
0%
比例代表 民主党 藤原正司
0%
比例代表 民主党 風間直樹
0%
比例代表 民主党 今野東
0%
比例代表 民主党 藤原良信
0%
比例代表 民主党 藤谷光信
0%
比例代表 民主党 室井邦彦
0%
比例代表 自民党 中山恭子
0%
比例代表 自民党 川口順子
0%
比例代表 自民党 義家弘介
0%
比例代表 公明党 遠山清彦
0%
比例代表 公明党 渡辺隆男
0%
比例代表 公明党 加藤修一
0%
No matching quizzes found
Score Distribution
Percent of People with Each Score
Percentile by Number Answered
Your Score History
You have not taken this quiz